Documentos del espiscopado de Chile 1981-1983
Saved in:
| Format: | Bog |
|---|---|
| Sprog: | spansk |
| Udgivet: |
Santiago
Conferencia Episcopal de Chile
1984
|
| Fag: | |
| Tags: |
Tilføj Tag
Ingen Tags, Vær først til at tagge denne postø!
|
MARC
| LEADER | 00000nam a2200000 a 4500 | ||
|---|---|---|---|
| 001 | UCX0212 | ||
| 003 | CL-VaPUC | ||
| 008 | 890828e19840000CL |||||||||||||||||spa|d | ||
| 082 | 0 | 4 | |a 262.3 |b DOC |2 21 |
| 245 | 1 | 0 | |a Documentos del espiscopado de Chile 1981-1983 |
| 300 | |a 149 p | ||
| 942 | |c BK | ||
| 945 | |d 19890828 00:00:00 | ||
| 260 | |a Santiago |b Conferencia Episcopal de Chile |c 1984 | ||
| 650 | 0 | |a Iglesia católica y problemas sociales |9 255796 | |
| 651 | 7 | |a CHILE |2 CL-VaPUC |9 315599 | |
| 583 | |a last modification |c 19890828 00:00:00 |k Rodrigo Vera | ||
| 999 | |c 221888 |d 221886 | ||
| 952 | |0 0 |1 2 |4 0 |6 262_300000000000000_DOC_1984 |7 0 |8 A |9 215916 |a BIBTEO |b BIBTEO |d 2019-11-15 |i 2844796 |o 262.3 DOC 1984 |p 2844796 |r 2019-11-15 |w 2019-11-15 |x Descarte 2019 |y BK |k ICR | ||